000 00493nam a2200181Ia 4500
001 23293
005 20260414150927.0
008 260414t2015||||xx |||||||||||||| ||spa||
041 _aESP
082 _a628.24
_bP45 2015
100 _aPérez Carmona, Rafael
_eAUT
245 0 _aDiseño y construcción de alcantarillados sanitario, pluvial y drenaje en carreteras
_b
260 _c2015
300 _a602 páginas :
_c25 cm.
650 _aTCA
654 _aCII
942 _cLIB
_dJUS
_fJUS
_2ddc
_n
999 _c23293
_d23293